000 00221nam a22000977a 4500
003 SGT
082 _a346.095 4,BAR
245 _aINDIAN TRUST ACT,1882 (2 OF 1882)
260 _aNEW DELHI
_bEASTERN BOOK
_c2015
942 _2ddc
_cBK
999 _c11663
_d11663